how do you love somebody | why don't we (all lyrics) - Statistics

General Stats
  • This quiz has been taken 95 times
  • The average score is 295 of 354
Answer Stats
Answer % Correct
do
100%
you
100%
how
98%
love
98%
me
98%
so
98%
somebody
98%
i
95%
the
95%
a
93%
when
93%
cause
91%
left
91%
my
89%
your
89%
an
86%
and
86%
don't
86%
it
86%
to
86%
can
84%
else
84%
go
84%
in
84%
like
84%
oh
84%
too
84%
you're
84%
day
82%
every
82%
night
82%
said
82%
tell
82%
baby
80%
coast
80%
did
80%
july
80%
lost
80%
much
80%
myself
80%
been
77%
fucked
77%
guess
77%
i'm
77%
of
77%
on
77%
stories
77%
summer
77%
thought
77%
up
77%
with
77%
wonder
77%
always
75%
calls
75%
missed
75%
really
75%
seven
75%
took
75%
under
75%
us
75%
without
75%
emotions
73%
gone
73%
ocean
73%
only
73%
think
73%
told
73%
wave
73%
distance
70%
fade
70%
here
70%
keeping
70%
missing
70%
no
70%
sound
70%
we've
70%
all
66%
just
66%
that
66%
know
64%
at
61%
get
61%
what
61%
giving
59%
heal
59%
quick
59%
well
59%
15
57%
minutes
57%
numb
57%
pain
57%
texting
57%
back
55%
him
55%
now
55%
stab
55%
fine
52%
broke
50%
chance
50%
heart
50%
again
43%
tried
43%
mess
41%
lying
39%
he's
11%
No matching quizzes found
Score Distribution
Percent of People with Each Score
Percentile by Number Answered
Your Score History
You have not taken this quiz